000 00309nam a22001337a 4500
008 170526b xxu||||| |||| 00| 0 eng d
020 _a0137119453
041 _aeng
080 _22ND
_a62
100 _a27
101 _aIM
245 _aPROBABILITY AND STATISTICS FOR ENGINEERS
_cMILLER, I
942 _2udc
_cBK
999 _c14484
_d14484